[Event "Muensterland Verbandsliga 1415"]
[Site "Germany"]
[Date "2015.04.18"]
[Round "8.8"]
[White "Thomas, Wolfgang"]
[Black "Skrodzki, Heinz Werner"]
[Result "1-0"]
[WhiteElo "1745"]
[BlackElo "1694"]
[PlyCount "43"]
[EventDate "2014.09.06"]
[EventType "team-tourn"]
[EventRounds "9"]
[EventCountry "GER"]
[SourceTitle "EXT 2016"]
[Source "ChessBase"]
[SourceDate "2015.10.08"]
[SourceVersion "1"]
[SourceVersionDate "2015.10.08"]
[SourceQuality "1"]
[WhiteTeam "Muenster V"]
[BlackTeam "Heiden"]
[WhiteTeamCountry "GER"]
[BlackTeamCountry "GER"]

1. e4 d6 2. d4 Nf6 3. Nc3 g6 4. f4 Bg7 5. Nf3 0-0 6. Be3 Ng4 7. Bg1 b6 8. Qd2 Ba6 9. Bxa6 Nxa6 10. h3 Nf6 11. 0-0-0 c5 12. d5 Nc7 13. e5 Nd7 14. Qe2 a6 15. Bh2 b5 16. Ne4 dxe5 17. fxe5 c4 18. Kb1 a5 19. e6 fxe6 20. dxe6 Nxe6 21. Neg5 Nec5 22. Ne6 1-0